000 00331pam a2200145 a 4500
020 _c
041 _h
082 _a595.799
_bROD
100 _aRodionor, V.V.
245 _aThe Fascinating World of Bees
_hTextual Documents
260 _aMoscow :
_bMir,
_c1986.
300 _a308 p.
700 _aShabarshov, I.A.
930 _a11058
999 _c87961
_d87961